Centres de documentació dels parcs naturals
Publicado:
Barcelona :
Diputació de Barcelona. Àrea de Territori i Sostenibilitat. Xarxa de Parcs Naturals ,
2011
Descripción Física:
1 f. plegat en 8 parts ; 21 cm
Colección:
Equipaments culturals
MARC
| LEADER | 00000nam a2200000Ia 4500 | ||
|---|---|---|---|
| 001 | 23402 | ||
| 008 | 160829s2011 xx 000 0 cat d | ||
| 080 | |a FU-61-22 | ||
| 245 | |a Centres de documentació dels parcs naturals | ||
| 260 | |a Barcelona : |b Diputació de Barcelona. Àrea de Territori i Sostenibilitat. Xarxa de Parcs Naturals, |c 2011 | ||
| 300 | |a 1 f. plegat en 8 parts ; |c 21 cm | ||
| 490 | |a Equipaments culturals | ||
| 610 | 0 | |a Barcelona (Catalunya : Província). Xarxa de Parcs Naturals |x Serveis d'informació |9 70645 | |
| 650 | |a Parcs naturals |x Serveis d'informació |9 48778 | ||
| 710 | 1 | |a Barcelona (Catalunya : Província). |b Xarxa de Parcs Naturals |9 7250 | |
| 901 | |a Arxiu | ||
| 942 | |n 1 | ||
| 952 | |0 0 |1 0 |4 0 |6 FU6122 |7 1 |9 54851 |a Arxiu |b Arxiu |d 2012-03-05 |l 0 |o FU-61-22 |p 23402 |r 2016-12-01 00:00:00 |w 2016-12-01 |y ARXIU | ||
| 999 | |c 58721 |d 58721 | ||